000
00322nam a2200121Ia 4500
008
240624s9999 xx 000 0 und d
041
_a
eng
082
_a
658.45 HBR
100
_a
HARVARD BUSINESS REVIEW
245
_a
HARVARD BUSINESS REVIEW ON EFFECTIVE COM
260
_a
Boston
_b
Harvard Businesss School Press
365
_c
999
_c
2745
_d
2745